2025 British Speedway Teams - Statistics

General Stats
  • This quiz has been taken 14 times
  • The average score is 16 of 27
Answer Stats
Hint Answer % Correct
Premiership Belle Vue Aces
100%
Premiership Ipswich Witches
100%
Premiership Birmingham Brummies
90%
Championship Glasgow Tigers
90%
National Development League Middlesborough Tigers
90%
Premiership Sheffield Tigers
90%
Premiership Leicester Lions
80%
Premiership King's Lynn Stars
70%
Championship Poole Pirates
70%
Championship Workington Comets
70%
Championship Berwick Bandits
60%
Championship Edinburgh Monarchs
60%
Premiership Oxford Spires
60%
Championship Plymouth Gladiators
60%
Championship Redcar Bears
60%
Championship Scunthorpe Scorpions
60%
National Development Trophy Leicester Fox Cubs
50%
National Development League Leicester Lion Cubs
50%
Championship Oxford Cheetahs
50%
National Development League Belle Vue Colts
40%
National Development Trophy Kent Eagles
40%
National Development League Oxford Chargers
40%
National Development Trophy King's Lynn Young Stars
30%
National Development League Edinburgh Monarchs Academy
20%
National Development League Scunthorpe & Sheffield Steelers
20%
National Development Trophy Birmingham Bulls
10%
National Development Trophy Plymouth Centurions
10%
No matching quizzes found
Score Distribution
Percent of People with Each Score
Percentile by Number Answered
Your Score History
You have not taken this quiz